Quizzes
Events
Quiz Creation
Community
Videos
Private Events
Remove Ads
Sign In
Join for FREE
Feedback
Dark Mode
Quiz Categories
Sports
Geography
Music
Movies
Television
Just For Fun
Miscellaneous
History
Literature
Language
Science
Gaming
Entertainment
Religion
Holiday
For Kids
Quiz Lab
Recent
Popular Today
Quiz Kudos Today
Editor Picks
Curator Picks
Quizzes by...
Day
Popularity
Type
Ratings
Length
Year
Community
Subscriptions
Recent Discussions
Orange Saloon
Badges
Playlists
Quests
Create
Leaderboards
Showdown
Live 5
Trivia Bingo
Activity
Puzzle Library
Sporcle Events
Private Events
Virtual Trivia
Globe League
Become a Host
Pub Owners
SporcleCon
Opinionation
Our Games
Videos
Blog
Mobile Apps
Partnerships
Remove Ads and Go Orange
Feedback
Sports
Athletes
MLB
NBA
NHL
NFL
Soccer
Sports Teams
WWE
NCAA
Football
Premier League
Basketball
Baseball
Hockey
Golf
Tennis
Cricket
Rugby
Auto Racing
Olympics
World Cup
Sports
Athletes
MLB
NBA
NHL
NFL
Soccer
Sports Teams
WWE
NCAA
Football
Premier League
Basketball
Baseball
Hockey
Golf
Tennis
Cricket
Rugby
Auto Racing
Olympics
World Cup
Random Quiz
Search Sporcle
×
Curator Pick
Curator Pick
Sports
Football
Type in answers that appear in a list
Type in answers that appear in a list
Classic
Best Score? Go Orange.
NFL QBs 350+ Yards, 0 TDs in a Single Game Stats
Can you name the Quarterbacks who have thrown for the most yards in a single NFL game without throwing a TD Pass?
By
MattA75
7m
25 Questions
926 Plays
926 Plays
926 Plays
Comments
Comments
Give Quiz Kudos
Give Quiz Kudos
-
- Ratings
hide this ad
More Info
Replay
Link that replays current quiz
Next Quiz
Link to next quiz in quiz playlist
You Got
0%
They Got
Avg Score
40%
Avg Friend Score
Upgrade to see
Score Distribution
Jump to the score distribution portion of the page
Score
0/25
Timer
07:00
0
Plays Today
Yards Thrown For
Quarterback
% Correct
386
Eli Manning
91%
372
Tom Brady
85.2%
389
Dan Marino
69.4%
441
Joe Montana
63.2%
360
Ben Roethlisberger
61.8%
369
Philip Rivers
59.1%
443
Matthew Stafford
51.7%
386
Alex Smith
48.5%
365
Warren Moon
47%
432
Warren Moon
47%
366
Vinny Testaverde
44.2%
399
Brad Johnson
42%
409
Boomer Esiason
37.7%
Yards Thrown For
Quarterback
% Correct
365
Randall Cunningham
36.5%
359
Jay Cutler
35.9%
360
Steve McNair
34.7%
364
Derek Anderson
31.3%
421
Mark Brunell
24.7%
394
Jake Plummer
24.2%
401
Bernie Kosar
21.9%
359
Neil O'Donnell
17.3%
355
Neil O'Donnell
17.3%
387
Jeff Blake
11.3%
377
Vince Ferragamo
4.1%
357
Bruce Mathison
0.8%
Quiz Playlist
Details
Report
Send in Message
Add To Playlist
More Info:
Name the quarterbacks who have thrown for the yards indicated in a single NFL game, without throwing a TD pass in that same game.
Classic:
Type in answers that appear in a list
Quiz Source
Last Updated: Feb 16, 2017
Curator Pick in
NFL
,
Football
Quiz Scoreboard
CHALLENGE
Sign Up to Join the Scoreboard
Show All
Scores
Hide
Comments
May contain spoilers
Recently Published
Billboard Blitz: Fleetwood Mac
by CooCooCachoo
Music
15s
Presidents Visiting Landmarks
by Hejman
History
7m
An Introduction to Baseball
by treessimontrees
Sports
5m
More to Explore
Quiz From the Vault
Featured Blog Post
Where Did the Easter Bunny Come From?
hide this ad
You Might Also Like...
Tags
Football Quiz
NFL Quiz
Passing
Quarterbacks
Single
tds
Throwing
Thrown
Yard
Today's Top Quizzes in Sports
Browse Sports
hide this ad
Today's Top Quizzes in Football
Browse Football
Top Contributed Quizzes in Sports
1
Les meilleurs buteurs des matchs entre le PSG et l’OM
2
2022 World Cup Stars
3
FIFA Club World Cup Champions
4
Les entraîneurs de l'OM et du PSG au 21e siècle
5
Criteria MLB: Left Handed Sluggers
6
Name the Premier League winners with different clubs
7
5-to-1: UK Sports Teams
8
AFC Teams Reveal (Wrong Answers Minefield)
9
Players with Multiple 50 Home Run Seasons
10
5-to-1: FBS Animal Nicknames
Explore More
Trending Topics
Anime
Kpop
Crossword
Disney
Harry Potter
Marvel
NBA
The Office
Soccer
Song
Country
WWE
Puzzle
NFL
Pokémon
hide this ad
More By:
MattA75
Quiz
Plays
Rating
Category
Featured
Created
Top 5 All Time NHL Team Goal Scorers
8,324
4.34
Sports
Oct 17, 2009
Pearl Jam Grab Bag
2,898
3.85
Music
Oct 19, 2009
Needles in the Rock Hall Haystack (Clickable)
1,882
3.27
Music
May 26, 2012
Rolling Stone's 100 Greatest Heavy Metal Albums
1,864
3.44
Music
Jun 21, 2017
Calder, Hart & Stanley
1,793
5.00
Sports
Jul 1, 2020
Go to Creator's Profile
Score Distribution
Quiz Creator Spotlight
MattA75
Follow
Send a Message
Quizzes Created
-
Created Quiz Play Count
-
More By This Creator
Popular Quizzes Today
1
Find the US States - No Outlines Minefield
2
Find the Countries of Europe - No Outlines Minefield
3
The Countries of the World
4
Find the US States
5
US States
6
Risky Map Clicking: Biggest States A-Z
7
Popular People in 1961
8
Movies - When Are They Set?
More Sports Quizzes
FIFA 21 Top 100
Quiz Lab
Trending Quizzes
Risky Map Clicking: Least Populous States A-Z
1-10 Letter G Words
1-10 Letter F Words
Risky Map Clicking: Next State Alphabetically
Risky Map Clicking: Biggest States A-Z
Recently Updated
Leaping Animals
pecheneg
Reality TV Shows (A-Z)
bhenderson79
Rickey Henderson's Hall of Fame Teammates
pecheneg
Champions League XIs: Arsenal
pecheneg
Quick Pick: Celebrities in WWE's Hall of Fame
aduchscher
A-Z Keypad Blitz II
pecheneg
Multiple Oscar Actors
pecheneg
Mystery Phrase Blitz: Oscar 'Best Actors'
pecheneg
F. Scott Fitzgerald Novels
LTH
Pick 3 Villains
ddd62291
Trending Topics
Anime
Crossword
NBA
Marvel
Harry Potter
Disney
Kpop
WWE
The Office
Song
Pokémon
Puzzle
NFL
Country
Soccer
Your Account Isn't Verified!
In order to create a playlist on Sporcle, you need to verify the email address you used during registration. Go to your
Sporcle Settings
to finish the process.
Report this User
Report this user for behavior that violates our
Community Guidelines
.
Details:
Send Report
Go to the Sporcle.com Mobile Site →
Comments